[Event "Guillermo Garcia 2005 Premier I"]
[Site "?"]
[Date "2005.05.21"]
[Round "1"]
[White "Gonzalez, Yuri"]
[Black "Schilow, Wladimir"]
[Result "1-0"]
[WhiteElo "2482"]
[BlackElo "2425"]
[PlyCount "53"]
[SourceDate "2005.05.21"]

1. e4 e6 2. d4 d5 3. e5 c5 4. c3 Nc6 5. Nf3 Qb6 6. a3 Nh6 7. b4 cxd4 8. cxd4
Nf5 9. Bb2 Be7 10. h4 h5 11. Bd3 a5 12. Bxf5 exf5 13. Nc3 Be6 14. Qa4 O-O 15.
b5 Na7 16. Qd1 Qd8 17. a4 Nc8 18. Ne2 Nb6 19. Bc1 Rc8 20. Nf4 g6 21. Rh3 Qc7
22. Rg3 Kh7 23. Ba3 Bxa3 24. Ng5+ Kh6 25. Raxa3 Bd7 26. Nxf7+ Kg7 27. Nd6 1-0

[Event "Guillermo Garcia 2005 Premier I"]
[Site "?"]
[Date "2005.05.22"]
[Round "2"]
[White "Corrales, Fidel"]
[Black "Soppe, Guillermo"]
[Result "1-0"]
[WhiteElo "2501"]
[BlackElo "2453"]
[PlyCount "168"]
[SourceDate "2005.05.21"]

1. d4 d5 2. c4 e6 3. Nc3 Nf6 4. Nf3 Be7 5. cxd5 exd5 6. Bg5 O-O 7. e3 Nbd7 8.
Bd3 c6 9. Qc2 Re8 10. h3 g6 11. O-O-O Ne4 12. Bxe7 Qxe7 13. Bxe4 dxe4 14. Nd2
Nf6 15. g4 b5 16. Kb1 a5 17. Rc1 a4 18. Ka1 h6 19. Ne2 Ra6 20. Qc5 a3 21. b3
Be6 22. Nf4 Qxc5 23. Rxc5 g5 24. Nxe6 Rxe6 25. h4 Nd7 26. Rc2 Nf6 27. hxg5 hxg5
28. Rc5 Nd5 29. Rh5 f6 30. Rc1 Ra7 31. Rch1 Rg7 32. Nf1 Ne7 33. Ng3 Kf7 34. Rh8
Rg8 35. R1h7+ Kf8 36. Kb1 Nd5 37. Nf5 Rxh8 38. Rxh8+ Kf7 39. Ra8 b4 40. Ka1 Nc3
41. Rb8 Nd1 42. Rxb4 Nxf2 43. Rb7+ Kf8 44. b4 Nxg4 45. Kb1 Nf2 46. Kc2 Re8 47.
Nd6 Ra8 48. Rf7+ Kg8 49. Rxf6 Nd3 50. Nxe4 Nxb4+ 51. Kb3 Nd5 52. Rg6+ Kf7 53.
Rxc6 Nxe3 54. Nxg5+ Kg7 55. Nf3 Kf7 56. Rc5 Ra6 57. Ng5+ Kf6 58. Ne4+ Ke7 59.
d5 Nf5 60. Rc7+ Kd8 61. Rh7 Ra5 62. d6 Re5 63. Nf6 Re3+ 64. Kb4 Nxd6 65. Rd7+
Kc8 66. Rxd6 Kb7 67. Nd5 Rh3 68. Nc3 Ka7 69. Kb3 Kb7 70. Rd4 Ka7 71. Ra4+ Kb7
72. Rc4 Ka7 73. Kxa3 Kb7 74. Kb4 Ka7 75. a4 Kb7 76. a5 Ka6 77. Rc6+ Kb7 78.
Rb6+ Ka7 79. Nb5+ Ka8 80. Rg6 Rh5 81. a6 Rh8 82. a7 Rc8 83. Ka5 Rf8 84. Rg7 Rh8
1-0

[Event "Guillermo Garcia 2005 Premier I"]
[Site "?"]
[Date "2005.05.22"]
[Round "2"]
[White "Arribas, Maritza"]
[Black "Galego, Luis"]
[Result "1/2-1/2"]
[WhiteElo "2280"]
[BlackElo "2493"]
[PlyCount "102"]
[SourceDate "2005.05.21"]

1. e4 c5 2. Nf3 e6 3. c3 Nf6 4. e5 Nd5 5. d4 cxd4 6. cxd4 d6 7. Bc4 Nc6 8. O-O
Be7 9. Nc3 Nxc3 10. bxc3 dxe5 11. Nxe5 Nxe5 12. dxe5 Qxd1 13. Rxd1 Bd7 14. Rb1
b6 15. Ba6 Bc5 16. Kf1 Ba4 17. Re1 Rd8 18. Rb2 h6 19. Be3 Bxe3 20. Rxe3 Ke7 21.
Re4 Bc6 22. Rc4 Bd5 23. Rc7+ Rd7 24. Rxd7+ Kxd7 25. f3 Kc7 26. Ke2 g5 27. Ke3
h5 28. a3 Kd7 29. Rb4 Ke7 30. Rd4 Rb8 31. g3 Rh8 32. c4 Bc6 33. Rd6 Bd7 34. Rd4
g4 35. Bb5 Bxb5 36. cxb5 gxf3 37. Ra4 Rc8 38. Rxa7+ Kf8 39. Kxf3 Kg7 40. a4 Rc4
41. Ra6 Kg6 42. Rxb6 Rxa4 43. Rb8 Rb4 44. Rb7 h4 45. b6 h3 46. g4 Kg5 47. Rxf7
Rb3+ 48. Kf2 Rxb6 49. Kg3 Rb3+ 50. Rf3 Rxf3+ 51. Kxf3 Kh4 1/2-1/2

[Event "Guillermo Garcia 2005 Premier I"]
[Site "?"]
[Date "2005.05.22"]
[Round "2"]
[White "Gonzalez, Yuri"]
[Black "Mascaro, Pedro"]
[Result "1-0"]
[WhiteElo "2482"]
[BlackElo "2389"]
[PlyCount "37"]
[SourceDate "2005.05.21"]

1. e4 Nc6 2. Nf3 d6 3. d4 Nf6 4. Nc3 Bg4 5. d5 Bxf3 6. Qxf3 Ne5 7. Qe2 c6 8. f4
Ned7 9. dxc6 bxc6 10. e5 dxe5 11. fxe5 Nd5 12. Nxd5 cxd5 13. e6 fxe6 14. Qxe6
Qa5+ 15. Bd2 Qc5 16. O-O-O Rc8 17. Bc3 Nb6 18. Bd3 Rc6 19. Qe5 1-0

[Event "Guillermo Garcia 2005 Premier I"]
[Site "?"]
[Date "2005.05.22"]
[Round "2"]
[White "Perez, Luis Manuel"]
[Black "Flores, Diego"]
[Result "1/2-1/2"]
[WhiteElo "2420"]
[BlackElo "2491"]
[PlyCount "229"]
[SourceDate "2005.05.21"]

1. e4 c5 2. Nf3 e6 3. d4 cxd4 4. Nxd4 Qb6 5. Be3 Bc5 6. Na3 d5 7. exd5 exd5 8.
Bb5+ Bd7 9. O-O Ne7 10. b4 Bxb4 11. Nf5 Qf6 12. Nxe7 Qxe7 13. Qxd5 O-O 14. Bxd7
Qxd7 15. Qb3 Bxa3 16. Qxa3 Nc6 17. Rfd1 Qf5 18. c4 Rfe8 19. h3 h6 20. Rd5 Qe4
21. Qd3 Rac8 22. Rb1 Qxd3 23. Rxd3 Ne5 24. Ra3 Nxc4 25. Rxa7 b6 26. Bf4 g5 27.
Bc7 Re6 28. Rd1 Rce8 29. Rd7 h5 30. g3 Rf6 31. Rd8 Rfe6 32. Raa8 Rxd8 33. Rxd8+
Kg7 34. Rd4 Re1+ 35. Kg2 Rc1 36. Bd8 Kg6 37. Bxb6 Rc2 38. a4 Ne5 39. Rd6+ Kf5
40. Bd4 Nd3 41. Kf3 g4+ 42. hxg4+ hxg4+ 43. Ke3 Nc1 44. Rd5+ Ke6 45. Rb5 Re2+
46. Kf4 Nd3+ 47. Kg5 Re4 48. Rb6+ Kd5 49. Be3 Rxa4 50. Rb5+ Ke6 51. Rb6+ Kd5
52. Kf5 Ra2 53. Rb7 Nxf2 54. Rd7+ Kc6 55. Rxf7 Ra5+ 56. Kf4 Ra4+ 57. Kf5 Ra5+
58. Kf4 Ra4+ 59. Kg5 Ne4+ 60. Kh4 Kd5 61. Rf5+ Ke6 62. Rf4 Ke5 63. Rxg4 Ra1 64.
Kh3 Ra3 65. Bf4+ Kf5 66. Rg8 Nf2+ 67. Kh4 Ra7 68. Rf8+ Kg6 69. g4 Ra3 70. Bg3
Ne4 71. Be5 Ra5 72. Rg8+ Kf7 73. Rg7+ Kf8 74. Bd4 Rd5 75. Ra7 Rxd4 76. Kh5 Nf6+
77. Kg6 Nxg4 78. Kf5 Ne3+ 79. Kf6 Rd6+ 80. Ke5 Nc4+ 81. Kf5 Rc6 82. Kg5 Nd6 83.
Kf4 Nf7 84. Kf5 Kg7 85. Ra1 Rf6+ 86. Ke4 Ng5+ 87. Ke5 Kg6 88. Rb1 Nf3+ 89. Kd5
Rf5+ 90. Kd6 Nd2 91. Rb4 Kf6 92. Rd4 Nf3 93. Rd1 Ra5 94. Rf1 Ra3 95. Kd5 Kf5
96. Rf2 Ra5+ 97. Kd6 Ke4 98. Rg2 Rd5+ 99. Ke6 Nd4+ 100. Kf6 Rd6+ 101. Kf7 Ke5
102. Ra2 Rf6+ 103. Ke7 Nc6+ 104. Kd7 Rd6+ 105. Kc7 Nd4 106. Rh2 Ne6+ 107. Kb7
Kd5 108. Rh5+ Kc4 109. Rh1 Nd4 110. Rc1+ Kd5 111. Rh1 Rd7+ 112. Kb6 Rd8 113.
Rh5+ Kd6 114. Rh6+ Ne6 115. Kb5 1/2-1/2

[Event "Guillermo Garcia 2005 Premier I"]
[Site "?"]
[Date "2005.05.22"]
[Round "2"]
[White "Otero, Diasmany"]
[Black "De la Paz, Frank"]
[Result "1/2-1/2"]
[WhiteElo "2401"]
[BlackElo "2461"]
[PlyCount "66"]
[SourceDate "2005.05.21"]

1. e4 e5 2. Nf3 Nc6 3. Bb5 a6 4. Ba4 Nf6 5. O-O Be7 6. Re1 b5 7. Bb3 O-O 8. d4
d6 9. c3 Bg4 10. Be3 Bh5 11. Nbd2 exd4 12. cxd4 Na5 13. Bc2 c5 14. dxc5 dxc5
15. e5 Nd5 16. Qb1 h6 17. Bh7+ Kh8 18. Be4 Rc8 19. Nf1 Nxe3 20. Nxe3 Nc6 21. g4
Bg6 22. Bf5 Nd4 23. Qe4 Bg5 24. Rad1 Bxe3 25. fxe3 Bxf5 26. gxf5 Nxf3+ 27. Qxf3
Qg5+ 28. Kh1 Rcd8 29. Rxd8 Rxd8 30. Rg1 Qh4 31. Qg2 Qg5 32. Qf3 Qh4 33. Qg2 Qg5
1/2-1/2

[Event "Guillermo Garcia 2005 Premier I"]
[Site "?"]
[Date "2005.05.23"]
[Round "3"]
[White "Leon, Manuel"]
[Black "Otero, Diasmany"]
[Result "1-0"]
[WhiteElo "2375"]
[BlackElo "2401"]
[PlyCount "151"]
[SourceDate "2005.05.21"]

1. e4 c5 2. Nf3 e6 3. d4 cxd4 4. Nxd4 Nf6 5. Nc3 Nc6 6. Nxc6 bxc6 7. e5 Nd5 8.
Ne4 Qc7 9. f4 Qb6 10. c4 Bb4+ 11. Ke2 Ba6 12. Kf3 f5 13. Nf2 Ne7 14. Be3 Bc5
15. Bxc5 Qxc5 16. Qd6 Qa5 17. Be2 g5 18. Rhd1 Rd8 19. g3 Ng6 20. Ke3 gxf4+ 21.
gxf4 Rg8 22. b3 Qb6+ 23. Rd4 c5 24. Qxb6 axb6 25. Rd6 Rb8 26. Rad1 Bc8 27. Rg1
Kf8 28. Nh3 h6 29. Rg3 Ne7 30. Ng1 Rxg3+ 31. hxg3 Nc6 32. Nf3 Ke7 33. Rd1 Bb7
34. Rh1 Rg8 35. Kf2 Nd4 36. Rxh6 Nxe2 37. Kxe2 Rxg3 38. Rh7+ Kd8 39. Ng5 Bc6
40. Rh2 Kc7 41. Kd2 Rg4 42. Rf2 Kb7 43. Kc3 Ka6 44. Nf7 Kb7 45. Nd6+ Kc7 46.
Kb2 Rh4 47. a3 Rh3 48. Ka2 Kb8 49. b4 cxb4 50. axb4 Kc7 51. Kb2 Kb8 52. b5 Bh1
53. Ne8 Bb7 54. Nf6 Kc7 55. Rd2 Bc8 56. Rg2 Rh8 57. Kc3 Bb7 58. Rg7 Bc8 59. Kb4
Rf8 60. c5 Rh8 61. c6 Rh4 62. cxd7 Rxf4+ 63. Kc3 Rf3+ 64. Kd4 Rf4+ 65. Ke3 Rb4
66. Ne8+ Kd8 67. dxc8=Q+ Kxc8 68. Nd6+ Kd8 69. Rb7 f4+ 70. Kf3 Rb3+ 71. Kg4 f3
72. Rb8+ Ke7 73. Re8+ Kd7 74. Rf8 Re3 75. Rf7+ Kd8 76. Rxf3 1-0

[Event "Guillermo Garcia 2005 Premier I"]
[Site "?"]
[Date "2005.05.23"]
[Round "3"]
[White "Nogueiras, Jesus"]
[Black "Gonzalez, Yuri"]
[Result "1/2-1/2"]
[WhiteElo "2533"]
[BlackElo "2482"]
[PlyCount "150"]
[SourceDate "2005.05.21"]

1. d4 Nf6 2. Nf3 e6 3. Nbd2 c5 4. c3 d5 5. e3 Nc6 6. Bd3 Bd6 7. O-O O-O 8. e4
cxd4 9. cxd4 e5 10. dxe5 Nxe5 11. Nxe5 Bxe5 12. exd5 Qxd5 13. Nf3 h6 14. Nxe5
Qxe5 15. Re1 Qd5 16. Bc2 Qxd1 17. Bxd1 Be6 18. Bf3 Bd5 19. Bxd5 Nxd5 20. Bd2
Rfd8 21. Rac1 Rac8 22. Kf1 Kf8 23. Red1 Rxc1 24. Rxc1 Ke7 25. Ke2 Kd6 26. a4 f5
27. h4 Re8+ 28. Kd3 Re4 29. Rc4 Rxc4 30. Kxc4 h5 31. Kd4 b6 32. b3 g6 33. Bg5
a6 34. Bd2 Ke6 35. a5 bxa5 36. Bxa5 Kd6 37. Bd2 Nf6 38. Bf4+ Ke6 39. g3 Nd7 40.
b4 Nf6 41. Kc5 Nd5 42. f3 Nc3 43. Kb6 Kd5 44. Kxa6 Kc6 45. Be5 Nb5 46. Ka5 Na3
47. Ka4 Nb5 48. Ka5 Na3 49. Ka6 Nb5 50. Bf4 Nd4 51. Be3 Nb5 52. Ka5 Na3 53. Ka4
Nb5 54. Bc5 Nc7 55. Kb3 Kd5 56. Kc3 Nb5+ 57. Kd3 Nc7 58. Bb6 Nb5 59. Ke3 Na3
60. Kf4 Ke6 61. Kg5 Kf7 62. g4 hxg4 63. fxg4 fxg4 64. Kxg4 Ke6 65. Kg5 Kf7 66.
Kf4 Ke6 67. Ke4 Kd6 68. Bf2 Nb5 69. Be1 Na3 70. Bg3+ Ke6 71. Kd4 Nc2+ 72. Kc5
Nxb4 73. Kxb4 Kf5 74. Bd6 g5 75. h5 g4 1/2-1/2

[Event "Guillermo Garcia 2005 Premier I"]
[Site "?"]
[Date "2005.05.23"]
[Round "3"]
[White "Mascaro, Pedro"]
[Black "Schilow, Wladimir"]
[Result "1-0"]
[WhiteElo "2389"]
[BlackElo "2425"]
[PlyCount "71"]
[SourceDate "2005.05.21"]

1. d4 Nf6 2. c4 e6 3. g3 Bb4+ 4. Bd2 Be7 5. Bg2 d5 6. Nf3 O-O 7. O-O c6 8. Qc2
b6 9. Bg5 Nbd7 10. Nbd2 Ba6 11. Rfe1 h6 12. Bxf6 Nxf6 13. Ne5 Bb7 14. cxd5 cxd5
15. Rec1 Bd6 16. Ndf3 Rc8 17. Qa4 a6 18. e3 b5 19. Qb3 Qb6 20. a3 Rfd8 21. Nd3
a5 22. Qa2 Rxc1+ 23. Rxc1 b4 24. axb4 axb4 25. Nd2 Ne4 26. Nb3 Ra8 27. Qb1 Bf8
28. Ne5 Be7 29. f3 Nd6 30. Bf1 Bg5 31. Kf2 Nf5 32. f4 Be7 33. Bd3 Nd6 34. Nc5
Bc8 35. g4 Nb7 36. Bh7+ 1-0

[Event "Guillermo Garcia 2005 Premier I"]
[Site "?"]
[Date "2005.05.23"]
[Round "3"]
[White "Galego, Luis"]
[Black "Perez, Luis Manuel"]
[Result "0-1"]
[WhiteElo "2493"]
[BlackElo "2420"]
[PlyCount "152"]
[SourceDate "2005.05.21"]

1. e4 d6 2. d4 Nf6 3. Nc3 g6 4. Nf3 Bg7 5. h3 O-O 6. Be3 a6 7. a4 b6 8. e5 Nfd7
9. exd6 cxd6 10. Qd2 e5 11. dxe5 dxe5 12. Bg5 Bf6 13. Bh6 Re8 14. Ne4 Bb7 15.
Nd6 e4 16. Nxe8 Qxe8 17. Nd4 Nc5 18. Be3 Nc6 19. Nxc6 Bxc6 20. Qb4 Nxa4 21. c3
a5 22. Qb3 Rb8 23. Be2 Nc5 24. Qc4 a4 25. Rd1 Nb3 26. Bf4 Rc8 27. O-O b5 28.
Qb4 Be7 29. Bd6 Bd8 30. Bf4 Be7 31. Bd6 Bd8 32. Bf4 Be7 33. Bd6 Bd8 34. Bf4 Be7
35. Bd6 Bd8 36. Rfe1 Ba5 37. Qa3 e3 38. Bg3 Bb6 39. Qb4 Nd2 40. Bh4 Ne4 41. f3
Bc5 42. Qa5 Nd2 43. c4 Rb8 44. Qc3 b4 45. Qf6 a3 46. bxa3 bxa3 47. Bg5 Qd7 48.
Qf4 f5 49. Bf6 a2 50. Ba1 Qe6 51. Kh1 Qd6 52. Qh6 Rb7 53. Qg5 Qe7 54. Qf4 Rd7
55. Qb8+ Rd8 56. Qb2 Rd4 57. Qxa2 Qe5 58. Bxd4 Qxd4 59. Rxd2 exd2 60. Rd1 Bb4
61. c5+ Bd5 62. Qa1 Qe3 63. Qa6 Qxc5 64. Qf6 Bc3 65. Qd8+ Kg7 66. Rb1 Ba5 67.
Qg5 Bb4 68. Qf4 Bc3 69. Bd1 Qe7 70. Qg3 Qe1+ 71. Kh2 Be5 72. f4 Bd4 73. h4 Qg1+
74. Kh3 Qh1+ 75. Qh2 Bxg2+ 76. Kg3 Bf2+ 0-1

[Event "Guillermo Garcia 2005 Premier I"]
[Site "?"]
[Date "2005.05.23"]
[Round "3"]
[White "De la Paz, Frank"]
[Black "Arribas, Maritza"]
[Result "1/2-1/2"]
[WhiteElo "2461"]
[BlackElo "2280"]
[PlyCount "141"]
[SourceDate "2005.05.21"]

1. e4 e6 2. d4 d5 3. Nd2 Nf6 4. e5 Nfd7 5. c3 c5 6. Bd3 Nc6 7. Ne2 cxd4 8. cxd4
f6 9. exf6 Nxf6 10. Nf3 Bd6 11. O-O O-O 12. Bg5 Qe8 13. Ng3 h6 14. Bd2 Nh5 15.
Re1 Nf4 16. Bb5 Bd7 17. Bxc6 Bxc6 18. Bxf4 Rxf4 19. Ne5 Rc8 20. Qd2 Bxe5 21.
Rxe5 Qf7 22. Rae1 Bd7 23. b3 Rc6 24. h3 Rc7 25. Nf1 Rf5 26. R5e3 Rg5 27. Ng3
Rg6 28. Rc3 Rxc3 29. Qxc3 Rf6 30. Qe3 Qf8 31. Rc1 Qd6 32. Nf1 Qf4 33. Nh2 Qxe3
34. fxe3 Rf8 35. Nf3 Rc8 36. Rxc8+ Bxc8 37. Kf2 Bd7 38. h4 Be8 39. g4 Kf7 40.
Kg3 Kg6 41. Kf4 Bb5 42. g5 hxg5+ 43. hxg5 Kf7 44. Ke5 Bd3 45. Ng1 Bf1 46. b4 b6
47. a3 Ke7 48. Nf3 Bd3 49. Nd2 Bc2 50. Nf1 Kd7 51. Ng3 Bg6 52. Ne2 Bh5 53. Nf4
Bg4 54. Ng2 Bf3 55. Nf4 Bg4 56. a4 Ke7 57. a5 Kd7 58. Nd3 Be2 59. Nf2 Bf3 60.
axb6 axb6 61. Nd3 Be2 62. Ne1 Ke7 63. Ng2 Kd7 64. Nh4 Bd3 65. Ng2 Be2 66. Nf4
Bg4 67. Nd3 Be2 68. Nf2 Bf3 69. Kf4 Be2 70. Ke5 Bf3 71. Nd3 1/2-1/2

[Event "Guillermo Garcia 2005 Premier I"]
[Site "?"]
[Date "2005.05.24"]
[Round "4"]
[White "Gonzalez, Yuri"]
[Black "Soppe, Guillermo"]
[Result "1/2-1/2"]
[WhiteElo "2482"]
[BlackElo "2453"]
[PlyCount "51"]
[SourceDate "2005.05.21"]

1. e4 Nf6 2. e5 Nd5 3. d4 d6 4. Nf3 dxe5 5. Nxe5 c6 6. Nd2 Nd7 7. Ndf3 Nxe5 8.
Nxe5 g6 9. Bc4 Bg7 10. O-O O-O 11. Re1 Be6 12. Bb3 Qc7 13. Qe2 a5 14. c4 Nf6
15. Bd2 a4 16. Bc2 Nd7 17. Nf3 Bg4 18. Bc3 a3 19. b4 b5 20. h3 Bxf3 21. Qxf3 e6
22. Be4 Rac8 23. Rac1 Nf6 24. Bd2 Nxe4 25. Rxe4 Qa7 26. Rc3 1/2-1/2

[Event "Guillermo Garcia 2005 Premier I"]
[Site "?"]
[Date "2005.05.24"]
[Round "4"]
[White "Mascaro, Pedro"]
[Black "Nogueiras, Jesus"]
[Result "0-1"]
[WhiteElo "2389"]
[BlackElo "2533"]
[PlyCount "40"]
[SourceDate "2005.05.21"]

1. d4 e6 2. c4 Nf6 3. Nc3 Bb4 4. e3 d5 5. Bd3 O-O 6. cxd5 exd5 7. Nge2 Re8 8.
O-O Bd6 9. f3 c5 10. Kh1 Nc6 11. a3 cxd4 12. exd4 Nh5 13. Nb5 Bb8 14. g3 g6 15.
Bh6 Bh3 16. Rg1 a6 17. Nbc3 Bc7 18. g4 Qh4 19. Rc1 Qf2 20. Ng3 Re1 0-1

[Event "Guillermo Garcia 2005 Premier I"]
[Site "?"]
[Date "2005.05.24"]
[Round "4"]
[White "Corrales, Fidel"]
[Black "Galego, Luis"]
[Result "1/2-1/2"]
[WhiteElo "2502"]
[BlackElo "2493"]
[PlyCount "39"]
[SourceDate "2005.05.21"]

1. Nf3 Nf6 2. c4 d6 3. Nc3 Bg4 4. g3 Bxf3 5. exf3 c6 6. Bg2 e6 7. O-O d5 8. b3
Nbd7 9. Bb2 Nb6 10. cxd5 Nbxd5 11. f4 Be7 12. f5 Nxc3 13. Bxc3 exf5 14. Qf3 Qd7
15. Rae1 O-O 16. Re5 Ne4 17. Rxf5 Nxc3 18. dxc3 Rad8 19. Re5 Bf6 20. Re2
1/2-1/2

[Event "Guillermo Garcia 2005 Premier I"]
[Site "?"]
[Date "2005.05.24"]
[Round "4"]
[White "Arribas, Maritza"]
[Black "Leon, Manuel"]
[Result "0-1"]
[WhiteElo "2280"]
[BlackElo "2376"]
[PlyCount "88"]
[SourceDate "2005.05.21"]

1. e4 c5 2. Nf3 g6 3. c3 Bg7 4. d4 cxd4 5. cxd4 d5 6. e5 Bg4 7. Nc3 Nc6 8. Be3
Nh6 9. h3 Bxf3 10. Qxf3 O-O 11. Bd3 e6 12. O-O Qh4 13. Ne2 f6 14. exf6 Bxf6 15.
Bxh6 Qxh6 16. Qg4 Rae8 17. Bb5 Qd2 18. Rac1 e5 19. Bxc6 bxc6 20. Rxc6 exd4 21.
Ng3 Re1 22. Rc8 Bd8 23. Kh2 Rxf1 24. Qe6+ Kg7 25. Qd7+ Rf7 26. Qxd8 R1xf2 27.
Qxd5 Rxg2+ 28. Qxg2 Rf2 29. Nf5+ Kf6 30. Rf8+ Ke5 31. Re8+ Kf4 32. Nh4 Rxg2+
33. Nxg2+ Kf3 34. Rf8+ Ke4 35. Re8+ Kd3 36. Kg3 Qxb2 37. Nf4+ Kc3 38. Re4 Kc4
39. Ne2 Kd3 40. Kf3 Qb7 41. Nc1+ Kc2 42. Nb3 d3 43. Ke3 Qb6+ 44. Rd4 Kc3 0-1

[Event "Guillermo Garcia 2005 Premier I"]
[Site "?"]
[Date "2005.05.24"]
[Round "4"]
[White "Perez, Luis Manuel"]
[Black "De la Paz, Frank"]
[Result "1/2-1/2"]
[WhiteElo "2420"]
[BlackElo "2461"]
[PlyCount "93"]
[SourceDate "2005.05.21"]

1. e4 e5 2. Nf3 Nc6 3. Bb5 a6 4. Ba4 Nf6 5. d4 exd4 6. O-O Be7 7. Re1 b5 8. Bb3
d6 9. Bd5 Nxd5 10. exd5 Ne5 11. Nxd4 O-O 12. a4 Bg4 13. Qd2 Bd7 14. Nc3 b4 15.
Nce2 Qb8 16. b3 Qb7 17. c4 bxc3 18. Nxc3 Rfe8 19. Bb2 Ng6 20. Qd3 Bf6 21. Red1
Bg4 22. Rdc1 Be5 23. Rab1 Qb6 24. Nce2 Bf6 25. h3 Bh5 26. Qd2 Ne5 27. Rc3 Qb7
28. Nf4 Bg6 29. Rbc1 Rac8 30. Nxg6 hxg6 31. Nc6 Nxc6 32. Rxc6 Qxb3 33. Bxf6
gxf6 34. Rxa6 Kg7 35. Rc3 Qb4 36. Rc2 Qe4 37. Rc3 Re5 38. Rd3 Qc4 39. Ra7 Qc5
40. Rb7 Re4 41. Rb5 Qa7 42. Ra5 Qb6 43. Rb5 Qa7 44. Ra5 Qb6 45. Rb5 Qa6 46. Ra5
Qb6 47. Rb5 1/2-1/2

[Event "Guillermo Garcia 2005 Premier I"]
[Site "?"]
[Date "2005.05.24"]
[Round "4"]
[White "Mosquera, Miguel"]
[Black "Flores, Diego"]
[Result "1/2-1/2"]
[WhiteElo "2434"]
[BlackElo "2491"]
[PlyCount "178"]
[SourceDate "2005.05.21"]

1. e4 d5 2. exd5 Qxd5 3. Nc3 Qa5 4. d4 Nf6 5. Nf3 c6 6. Bc4 Bf5 7. Ne5 e6 8.
Bd2 Bb4 9. g4 Bg6 10. Qe2 Nbd7 11. Nxd7 Nxd7 12. O-O-O O-O-O 13. a3 Bxa3 14.
bxa3 Qxa3+ 15. Kb1 Nb6 16. Na2 Qa4 17. Bd3 Rxd4 18. Be3 Rxg4 19. Bxb6 axb6 20.
Qe5 Qd4 21. Qe2 Qf4 22. Bxg6 hxg6 23. Rd3 Qe4 24. Qd1 Rg5 25. Re1 Rb5+ 26. Ka1
Qf5 27. h3 Qf6+ 28. c3 Rd8 29. Rxd8+ Qxd8 30. Qe2 Rd5 31. Qf3 Qe7 32. Rb1 b5
33. Qg4 Rd2 34. Qb4 Qd6 35. Qa5 Rxf2 36. Qa8+ Kc7 37. Qa5+ Kb8 38. Nb4 Qc7 39.
Qa3 Rd2 40. Rf1 c5 41. Na2 f6 42. Rb1 b4 43. Qa4 Qc6 44. Qxc6 bxc6 45. cxb4
cxb4 46. Nxb4 Kc7 47. Rc1 Rh2 48. Rxc6+ Kd7 49. Rc3 e5 50. Nd5 Ke6 51. Nc7+ Kf5
52. Ne8 e4 53. Nxg7+ Ke5 54. Rg3 f5 55. Rxg6 f4 56. Rg5+ Kd4 57. Ne6+ Ke3 58.
Rb5 Rd2 59. Rb3+ Rd3 60. Rb1 f3 61. Re1+ Kd2 62. Rxe4 f2 63. Rf4 Ke2 64. Kb2
f1=Q 65. Rxf1 Kxf1 66. h4 Rh3 67. Nd4 Kf2 68. Kc2 Ke3 69. Nb3 Ke4 70. Nd2+ Kd4
71. Nb3+ Ke3 72. Kc3 Rxh4 73. Nc5 Rd4 74. Nb3 Rd5 75. Kc4 Ke4 76. Nc5+ Ke5 77.
Nd3+ Kd6 78. Nb4 Rc5+ 79. Kd4 Rh5 80. Kc4 Rh4+ 81. Kc3 Kc5 82. Nd3+ Kb5 83. Ne5
Rf4 84. Nd3 Re4 85. Nb2 Rb4 86. Kc2 Rh4 87. Kc3 Rh3+ 88. Nd3 Ka4 89. Kc4 Rxd3
1/2-1/2

[Event "Guillermo Garcia 2005 Premier I"]
[Site "?"]
[Date "2005.05.25"]
[Round "5"]
[White "Flores, Diego"]
[Black "?"]
[Result "1/2-1/2"]
[WhiteElo "2491"]
[BlackElo "2482"]
[PlyCount "88"]
[SourceDate "2005.05.21"]

1. Nf3 c5 2. g3 Nc6 3. Bg2 g6 4. c4 Bg7 5. Nc3 e5 6. a3 a5 7. d4 cxd4 8. Nb5 d6
9. e3 Be6 10. b3 Bg4 11. h3 Bxf3 12. Bxf3 Nge7 13. exd4 exd4 14. Bf4 O-O 15.
O-O Be5 16. Bg5 Qd7 17. Bg2 f5 18. f4 Bg7 19. Qd2 Rae8 20. Rae1 Nc8 21. Bd5+
Kh8 22. Rxe8 Rxe8 23. Re1 h6 24. Bh4 Nb6 25. Rxe8+ Qxe8 26. Bf3 a4 27. Nxd6 Qe6
28. c5 axb3 29. Bxc6 Nc4 30. Qb4 Nxd6 31. Ba4 Qe3+ 32. Kg2 Qe2+ 33. Kg1 Ne4 34.
Bxb3 Qf2+ 35. Kh1 Qf1+ 36. Kh2 Qe2+ 37. Kg1 Qf2+ 38. Kh1 Qf1+ 39. Kh2 Qe2+ 40.
Kg1 Qe3+ 41. Kg2 Qe2+ 42. Kg1 Qf2+ 43. Kh1 Qf1+ 44. Kh2 Qe2+ 1/2-1/2

[Event "Guillermo Garcia 2005 Premier I"]
[Site "?"]
[Date "2005.05.25"]
[Round "5"]
[White "De la Paz, Frank"]
[Black "Corrales, Fidel"]
[Result "1-0"]
[WhiteElo "2461"]
[BlackElo "2501"]
[PlyCount "105"]
[SourceDate "2005.05.21"]

1. e4 c5 2. Nf3 Nc6 3. Bb5 g6 4. O-O Bg7 5. Re1 e5 6. Bxc6 dxc6 7. d3 Qe7 8.
Nbd2 Nf6 9. Nc4 Nd7 10. Bd2 O-O 11. a3 b6 12. b4 Ba6 13. Bc3 Rfd8 14. Nfd2 f6
15. Qb1 Bh6 16. Qb2 Nf8 17. bxc5 Bxd2 18. Nxd2 Qxc5 19. Nb3 Qe7 20. f4 Nd7 21.
Rf1 c5 22. Nd2 c4 23. fxe5 fxe5 24. d4 exd4 25. Bxd4 Nf8 26. Rf2 Rd7 27. Nf3
Ne6 28. Bc3 Nc5 29. Ne5 Nxe4 30. Nxd7 Qxd7 31. Re2 Bb7 32. Rae1 Re8 33. Qc1 Re7
34. Qf4 g5 35. Qe3 h6 36. Ba1 Qf5 37. Bd4 Re6 38. c3 Bd5 39. Qf3 Qg6 40. Rf1
Re8 41. Qg4 Re6 42. h4 gxh4 43. Qxg6+ Rxg6 44. Rf5 Bc6 45. Rf4 Ng5 46. Kf1 h3
47. gxh3 Nxh3 48. Rf5 Ng5 49. Ref2 Nh7 50. Rf7 Be4 51. Re7 Bd3+ 52. Ke1 Rg1+
53. Kd2 1-0

[Event "Guillermo Garcia 2005 Premier I"]
[Site "?"]
[Date "2005.05.25"]
[Round "5"]
[White "Soppe, Guillermo"]
[Black "Mascaro, Pedro"]
[Result "1-0"]
[WhiteElo "2453"]
[BlackElo "2389"]
[PlyCount "75"]
[SourceDate "2005.05.21"]

1. e4 c5 2. Nc3 Nc6 3. g3 g6 4. Bg2 Bg7 5. d3 e6 6. Be3 b6 7. Nge2 Nge7 8. Qd2
Bb7 9. Bh6 O-O 10. h4 f6 11. Bxg7 Kxg7 12. h5 g5 13. f4 h6 14. d4 cxd4 15. Nxd4
Nxd4 16. Qxd4 gxf4 17. gxf4 Qc7 18. Qd2 Bc6 19. O-O-O Kh7 20. Nd5 Qd8 21. Nb4
Rg8 22. Nxc6 dxc6 23. Qe3 Qc7 24. Bh3 f5 25. exf5 exf5 26. Rhf1 Rad8 27. Rde1
Rg7 28. Qe6 Rf8 29. Rd1 Qc8 30. Rd7 Rf6 31. Qxf6 Qxd7 32. Rd1 Qe8 33. Bxf5+
Nxf5 34. Qxf5+ Kh8 35. a3 Rf7 36. Qg6 Qe3+ 37. Kb1 Qxf4 38. Rg1 1-0

[Event "Guillermo Garcia 2005 Premier I"]
[Site "?"]
[Date "2005.05.25"]
[Round "5"]
[White "Otero, Diasmany"]
[Black "Arribas, Maritza"]
[Result "0-1"]
[WhiteElo "2401"]
[BlackElo "2280"]
[PlyCount "82"]
[SourceDate "2005.05.21"]

1. e4 e6 2. d4 d5 3. Nc3 dxe4 4. Nxe4 Nd7 5. Nf3 Ngf6 6. Ng3 c5 7. c3 cxd4 8.
Nxd4 Bc5 9. Be2 O-O 10. O-O Nb6 11. Nb3 Be7 12. c4 e5 13. Be3 Be6 14. Rc1 Qc8
15. f3 Na4 16. Qc2 Nc5 17. Rfd1 h5 18. Qc3 h4 19. Nf1 Nfd7 20. Nxc5 Bxc5 21. b4
Be7 22. c5 Bxa2 23. b5 Be6 24. c6 bxc6 25. bxc6 Nb6 26. Qxe5 Bf6 27. Qa5 Qc7
28. Bf2 Rfd8 29. Ne3 Rxd1+ 30. Bxd1 Rd8 31. Bc2 Bb2 32. Rb1 Be5 33. Bxh4 Rd4
34. Bg3 Bxg3 35. hxg3 Qxc6 36. Qxa7 Qc3 37. Qb8+ Nc8 38. Nf5 Rd8 39. Ne7+ Kf8
40. Nxc8 Qc5+ 41. Kh2 Rxc8 0-1

[Event "Guillermo Garcia 2005 Premier I"]
[Site "?"]
[Date "2005.05.25"]
[Round "5"]
[White "Nogueiras, Jesus"]
[Black "Schilow, Wladimir"]
[Result "1/2-1/2"]
[WhiteElo "2533"]
[BlackElo "2425"]
[PlyCount "42"]
[SourceDate "2005.05.21"]

1. c4 Nf6 2. Nc3 e6 3. e4 d5 4. e5 d4 5. exf6 dxc3 6. bxc3 Qxf6 7. Nf3 c5 8.
Bd3 Bd7 9. O-O Bd6 10. Be4 Bc6 11. d3 h6 12. Rb1 Qe7 13. Re1 O-O 14. d4 Bxe4
15. Rxe4 b6 16. d5 Nd7 17. dxe6 fxe6 18. Rb2 Nf6 19. Re1 Rad8 20. Qe2 Rfe8 21.
Rd2 e5 1/2-1/2